The Mango botany ,production and Uses (Record no. 15901)

MARC details
000 -LEADER
fixed length control field 00407nam a22001577a 4500
003 - CONTROL NUMBER IDENTIFIER
control field OSt
005 - DATE AND TIME OF LATEST TRANSACTION
control field 20211029151216.0
008 - FIXED-LENGTH DATA ELEMENTS--GENERAL INFORMATION
fixed length control field 211029b |||||||| |||| 00| 0 eng d
020 ## - INTERNATIONAL STANDARD BOOK NUMBER
International Standard Book Number 0 85199 127 0
040 ## - CATALOGING SOURCE
Transcribing agency Hawassa University
050 ## - LIBRARY OF CONGRESS CALL NUMBER
Classification number 634.44/MAM
Item number 5
082 ## - DEWEY DECIMAL CLASSIFICATION NUMBER
Classification number 634.44/MAM
Item number 5
245 ## - TITLE STATEMENT
Title The Mango botany ,production and Uses
260 ## - PUBLICATION, DISTRIBUTION, ETC.
Place of publication, distribution, etc. USA
Name of publisher, distributor, etc. CAB International
Date of publication, distribution, etc. 1997
942 ## - ADDED ENTRY ELEMENTS (KOHA)
Source of classification or shelving scheme Dewey Decimal Classification
Koha item type Books like text book referance book
Suppress in OPAC No
Holdings
Withdrawn status Lost status Source of classification or shelving scheme Damaged status Not for loan Home library Current library Date acquired Total Checkouts Full call number Barcode Date last seen Copy number Price effective from Koha item type
    Dewey Decimal Classification     College of Agriculture Library College of Agriculture Library 10/29/2021   634.44/MAN ALIB0010632 10/29/2021 1 10/29/2021 Books like text book referance book
    Dewey Decimal Classification     College of Agriculture Library College of Agriculture Library 10/29/2021   634.44/MAN ALIB0010633 10/29/2021 2 10/29/2021 Books like text book referance book
    Dewey Decimal Classification     College of Agriculture Library College of Agriculture Library 10/29/2021   634.44/MAN ALIB0010634 10/29/2021 3 10/29/2021 Books like text book referance book
    Dewey Decimal Classification     College of Agriculture Library College of Agriculture Library 10/29/2021   634.44/MAN ALIB0010635 10/29/2021 4 10/29/2021 Books like text book referance book
    Dewey Decimal Classification     College of Agriculture Library College of Agriculture Library 10/29/2021   634.44/MAN ALIB0010636 10/29/2021 5 10/29/2021 Books like text book referance book
    Dewey Decimal Classification     College of Agriculture Library College of Agriculture Library 01/11/2022   634.44/MAN ALIB001493 01/11/2022 1 01/11/2022 Books like text book referance book
    Dewey Decimal Classification     College of Agriculture Library College of Agriculture Library 01/11/2022   634.44/MAN ALIB01494 01/11/2022 2 01/11/2022 Books like text book referance book
    Dewey Decimal Classification     College of Agriculture Library College of Agriculture Library 01/11/2022   634.44/MAN ALIB001495 01/11/2022 6 01/11/2022 Books like text book referance book
    Dewey Decimal Classification     College of Agriculture Library College of Agriculture Library 01/11/2022   634.44/MAN ALIB001496 01/11/2022 8 01/11/2022 Books like text book referance book